000 00548nam a2200181 a 4500
005 20260410103900.0
008 260318s2026##################000#0#eng##
020 _a9780415100243
082 0 4 _a338.9439
_bKIE
245 1 0 _aStabilization and Structural Adjustment in Poland
_c/ edited by Henryk Kierzkowski , Marek Okólski , Stanislaw H. Wellisz
250 _a1st ed.
260 _b‎ Routledge:
_c1993
300 _a326p.
650 _aEconomics
650 _aEconomic policy
700 _a Kierzkowski, Henryk editor
942 _cENGLISH
999 _c618019
_d618019